Poľnohospodárska krajina s vysokými prírodnými hodnotami
Pre zachovanie existujúcich hodnotných častí poľnohospodárskej krajiny vo väčšom priestorovom meradle je nevyhnutné ich poľnohospodárske využívanie vhodného typu a intenzity. Vyčlenenie poľnohospodárskych území s vysoko hodnotnou prírodou na území Slovenska.
Enregistré dans:
| Auteur principal: | |
|---|---|
| Autres auteurs: | , |
| Format: | Chapitre de livre |
| Langue: | slovaque |
| Sujets: | |
| Tags: |
Pas de tags, Soyez le premier à ajouter un tag!
|
MARC
| LEADER | 00000naa a2200000 4500 | ||
|---|---|---|---|
| 001 | 0136133 | ||
| 005 | 20231128133330.2 | ||
| 041 | 0 | |a slo | |
| 044 | |a SK | ||
| 245 | 1 | 0 | |a Poľnohospodárska krajina s vysokými prírodnými hodnotami |c Ľuboš Halada, Andrej Halabuk, Peter Gajdoš |
| 520 | |a Pre zachovanie existujúcich hodnotných častí poľnohospodárskej krajiny vo väčšom priestorovom meradle je nevyhnutné ich poľnohospodárske využívanie vhodného typu a intenzity. Vyčlenenie poľnohospodárskych území s vysoko hodnotnou prírodou na území Slovenska. | ||
| 610 | 2 | 0 | |a pôda poľnohospodárska |
| 610 | 2 | 0 | |a hodnota pôdy |
| 610 | 2 | 0 | |a využitie pôdy |
| 610 | 2 | 0 | |a ochrana pôdy |
| 610 | 2 | 0 | |a Slovensko |
| 100 | 1 | |a Halada, Ľuboš | |
| 700 | 1 | |a Halabuk, Andrej | |
| 700 | 1 | |a Gajdoš, Peter | |